Normal view
MARC view
- Ahmad Yar Khan,
Entry Personal Name
001 - CONTROL NUMBER
- control field: 3934
003 - CONTROL NUMBER IDENTIFIER
- control field: NUST
005 - DATE AND TIME OF LATEST TRANSACTION
- control field: 20170817104903.0
008 - FIXED-LENGTH DATA ELEMENTS
- fixed length control field: 170817|| aca||aabn | a|a d
040 ## - CATALOGING SOURCE
- Original cataloging agency: NUST
- Transcribing agency: NUST
100 ## - HEADING--PERSONAL NAME
- Personal name: Ahmad Yar Khan,
- Dates associated with a name: 1904-1979.
670 ## - SOURCE DATA FOUND
- Source citation: Work cat.: (NUST)0: Ahmad Yar Khan, 1904-1979., Inside Baluchistan :, 2009.
